| 000 | 00955nam a2200277 a 4500 | ||
|---|---|---|---|
| 001 | 000030808 | ||
| 003 | DO-SdBNP | ||
| 005 | 20250320094435.0 | ||
| 007 | ta | ||
| 008 | 110530s19uu dr r 000 0 spa d | ||
| 040 |
_aDO-SdBNP _bspa _cBNPHU _erda |
||
| 082 |
_a327.7293 _bR786p _222 |
||
| 100 | 1 |
_aRoques Martínez, J. R. _957357 _eautor |
|
| 245 | 1 | 3 |
_aEl problema fronterizo Dominico-Haitiano / _cJ. R. Roques Martínez ; prólogo Max Lovaton P. |
| 264 |
_aSanto Domingo : _bLa cuna de América, _cfecha no identificada |
||
| 300 |
_a121 p. ; _c21 cm. |
||
| 336 |
_2rdacontent _atexto _btxt |
||
| 337 |
_2rdamedia _asin mediación _bn |
||
| 338 |
_2rdacarrier _avolumen _bnc |
||
| 590 | _aInventariado, 2018/BT | ||
| 651 | 0 |
_aRepública Dominicana _xLimites _zHaití _955984 |
|
| 651 | 4 |
_aHaití _xLímites _zRepública Dominicana _957358 |
|
| 700 | 1 |
_aLovaton P., Max, _epról. _957359 |
|
| 910 | _aValidado. Control de calidad MFF | ||
| 942 |
_2ddc _cLBS1 |
||
| 999 |
_c30300 _d30300 |
||